000 01451cam a2200349 a 4500
001 EDZ0000062004
003 StDuBDS
005 20161031105215.0
006 m||||||||d||||||||
007 cr |||||||||||
008 120302s2012 enka fo| 001|0|eng|d
020 _a9781446253052 (ebook) :
_cNo price
040 _aStDuBDS
_beng
_cStDuBDS
_epn
049 _aAlfaisal Main Library
050 4 _aGE149
082 0 4 _a363.7
_223
245 0 4 _aThe SAGE handbook of environmental change.
_nVOlume II,
_pHuman impacts and responses
_h[electronic resource] /
_c[edited by] John A Matthews ... [et al.].
246 3 0 _aHandbook of environmental change
260 _aLondon :
_bSAGE,
_c2012.
300 _a1 online resource :
_bill.
504 _aIncludes bibliographical references and index.
520 8 _aIn more than 40 chapters, this work examines the historic importance and future development of the field of environmental change, including theory, research and practice.
521 _aSpecialized.
588 _aDescription based on online resource; title from home page (viewed on Mar. 6, 2012).
650 0 _aGlobal environmental change.
655 7 _aElectronic books.
_2local
700 1 _aMatthews, John A.
_q(John Anthony),
_d1947-
710 2 _aSage eBooks
776 0 8 _iPrint version :
_z9780857023605
856 4 0 _uhttp://ezproxy.alfaisal.edu/login?url=http://sk.sagepub.com/reference/hdbk_envirochange2
942 _2lcc
_cEBOOKS
999 _c481697
_d481697